Itineraris : el camí de l'ermita : Sant Boi de Llobregat, Baix Llobregat el camí de l'ermita :
Publicado:
[Barcelona] :
Diputació de Barcelona, Xarxa de Municipis, Oficina Tècnica de Turisme, DL 2001
Descripción Física:
[5] p. : il. col., fot. ; 21 cm
MARC
| LEADER | 00000nam a2200000Ia 4500 | ||
|---|---|---|---|
| 001 | 15185 | ||
| 008 | 160829s9999 xx 000 0 cat d | ||
| 080 | |a FU-35-24 | ||
| 245 | |a Itineraris : |b el camí de l'ermita : |b Sant Boi de Llobregat, Baix Llobregat | ||
| 260 | |a [Barcelona] : |b Diputació de Barcelona, Xarxa de Municipis, Oficina Tècnica de Turisme, DL 2001 | ||
| 300 | |a [5] p. : |b il. col., fot. ; |c 21 cm | ||
| 590 | |a A la portada: Ajuntament de Sant Boi de Llobregat | ||
| 650 | |a Parc Forestal Montbaig (Sant Boi de Llobregat) |x Guies |9 23852 | ||
| 650 | |a Ermita de Sant Ramon (Sant Boi de Llobregat) |9 23853 | ||
| 650 | |a Excursionisme |x Parc Forestal Montbaig (Sant Boi de Llobregat) |9 23854 | ||
| 710 | 1 | |a Sant Boi de Llobregat (Catalunya). |b Ajuntament |9 51442 | |
| 710 | |a Barcelona (Catalunya : Província). |b Oficina Tècnica de Turisme |9 53579 | ||
| 901 | |a Arxiu | ||
| 942 | |n 1 | ||
| 952 | |0 0 |1 0 |4 0 |6 FU3524 |7 1 |9 42887 |a Arxiu |b Arxiu |d 2016-12-01 |l 0 |o FU-35-24 |p 15185 |r 2016-12-01 00:00:00 |w 2016-12-01 |y ARXIU | ||
| 999 | |c 45393 |d 45393 | ||